| 000 | 00963nam a22002897a 4500 | ||
|---|---|---|---|
| 001 | 9848 | ||
| 003 | FISKH | ||
| 005 | 20260305080146.0 | ||
| 008 | 260304b cb ||||| |||| 00| 0 eng d | ||
| 020 | _a9780671785604 | ||
| 040 |
_aFISKH _beng _cFISKH _dFISKH |
||
| 050 | _aPZ7 | ||
| 082 | _a813 | ||
| 100 |
_aHodgman, Ann _eAuthor |
||
| 245 |
_aStinky Stanley stinks again / _cby Ann Hodgman |
||
| 260 |
_aNew York : _bPocket Books , _c1993 |
||
| 300 |
_a123 pages : _c19 cm |
||
| 505 | _aR | ||
| 520 | _aStinky Stanley-Sam Moore's wacky, sticky alter-ego clone- is back in action. He's helping Sam with a gross-food-eating contest and learning arts & crafts, how to slither under doors. how to bounce... | ||
| 521 | 8 |
_a700
_bLexile estimate |
|
| 521 | 8 |
_aR
_bRaz-Plus |
|
| 650 |
_aChildren’s fiction _vFriendship |
||
| 650 |
_aHumorous fiction _vMischief |
||
| 700 |
_aCymerman, John Emil _eIllustrator |
||
| 942 |
_2ddc _cBK _n0 |
||
| 999 |
_c9848 _d9848 |
||